| 000 | 00789nam a2200217Ia 4500 | ||
|---|---|---|---|
| 008 | 241004s9999 xx 000 0 und d | ||
| 020 | _a9788195003730 | ||
| 037 | _aTextbook | ||
| 040 |
_aARTS _bsan _cARTS |
||
| 041 |
_ahin _2san |
||
| 084 |
_aO15,1D40,3:g 152R2 _qARTS |
||
| 100 | _aमधुकर, महेन्द्र, ले. | ||
| 245 |
_aमेघदूत पर व्याख्यान _cमधुकर, महेन्द्र, ले. |
||
| 260 |
_aभारत _bनई दिल्ली, विद्या बुक्स, _c2018 |
||
| 300 | _a259पृ0 | ||
| 365 |
_aINR _b780 |
||
| 546 | _aTranslated from Sanskrit to Hindi | ||
| 650 |
_aSanskrit Poetry _9155567 |
||
| 942 |
_cTB _hO15,1D40,3:g 152R2 |
||
| 999 |
_c1218673 _d1218673 |
||